01173nam a2200193Ia 4500001001100000003001000011008004100021040002500062041001300087100001700100245008000117250001100197260009200208300001200300500026000312501011400572520026000686650003300946L238-27369IT-CnALBA170116s9999||||xx |||||||||||||| ||und|| aIT-CnALBAcIT-CnALBA aITALIANO aMOLARI CARLO 0aLA FEDE PROFESSATA. CATECHISMO DELLA CHIESA CATTOLICA E MODELLI TEOLOGICI.  a1a ed. aCINISELLO BALSAMO (MI)bEDIZIONI PAOLINEc1996 [1° Ed.:1996 - Ed.Ling.Originale: 1996] a270 p.  aPREFAZIONE DELL'AUTORE. INTRODUZIONE. QUESTIONI GENERALI. TEMI. RIVELAZIONE FEDE. DIO DELL'ALLEANZA. UOMO E CREAZIONE. PECCATO DELL'UOMO. IL MISTERO DI CRISTO. CRISTOLOGIA SOTERIOLOGIA. SPIRITO SANTO. CHIESA. CHIESA CATTOLICA. LE ALTRI RELIGIONI. DESTINO  aSocietà San Paolo EM - Piazza San Paolo, 14 - 12051 ALBA (CN) (non commercial uses only) ® Copyright 2017 aPREFAZIONE DELL'AUTORE. INTRODUZIONE. QUESTIONI GENERALI. TEMI. RIVELAZIONE FEDE. DIO DELL'ALLEANZA. UOMO E CREAZIONE. PECCATO DELL'UOMO. IL MISTERO DI CRISTO. CRISTOLOGIA SOTERIOLOGIA. SPIRITO SANTO. CHIESA. CHIESA CATTOLICA. LE ALTRI RELIGIONI. DESTINO  aSIMBOLI DI FEDE - CATECHISMI